| 000 | 00386nam a2200109Ia 4500 | ||
|---|---|---|---|
| 008 | 170221s9999 xx 000 0 und d | ||
| 100 | _aShih-Cheng Lee | ||
| 245 | _aRethinking the Lintnerian Linear Valuation Model | ||
| 245 | _cShih-Cheng Lee, Jiun-Lin Chen, Shu-Chen Lu, and Lei Xu | ||
| 650 | _xBusiness | ||
| 856 | _uhttp://ro.uow.edu.au/cgi/viewcontent.cgi?article=1493&context=aabfj | ||
| 999 |
_c307805 _d307805 |
||